Normal view
MARC view
- Wakale, L. P. / Others
Entry Personal Name
001 - CONTROL NUMBER
- control field: 217221
003 - CONTROL NUMBER IDENTIFIER
- control field: OSt
005 - DATE AND TIME OF LATEST TRANSACTION
- control field: 20260323172507.0
008 - FIXED-LENGTH DATA ELEMENTS
- fixed length control field: 260323|| aca||aabn | a|a d
040 ## - CATALOGING SOURCE
- Original cataloging agency: OSt
- Transcribing agency: OSt
100 ## - HEADING--PERSONAL NAME
- Personal name: Wakale, L. P. / Others
670 ## - SOURCE DATA FOUND
- Source citation: Work cat.: (OSt)29688: Wakale, L. P. / Others, Income Tax : Pract.& Procd.07-08, 2006